Miesten Ykkösen ja Kakkosen joukkueet 2026 - Statistics

Yleistilastot
  • Tätä visaa on pelattu 13 kertaa
  • Keskiarvotulos 23 / 42
Vastaustilastot
Paikkakunta Joukkue % Oikein
Jyväskyla JJK
100%
Rovaniemi RoPS
100%
Tampere TamU
100%
Pori FC Jazz
83%
Kokkola KPV
83%
Kuopio KuPS 2
83%
Oulu OLS
83%
Seinäjoki SJK 3
83%
Pietarsaari FF Jaro 2
67%
Kokkola GBK
67%
Kauniainen GrIFK
67%
Helsinki HPS
67%
Närpiö Kraft
67%
Kouvola MyPa
67%
Lappeenranta PEPO
67%
Salo SalPa
67%
Tornio TP-47
67%
Tampere TPV
67%
Vaasa VPS 2
67%
Turku ÅIFK
50%
Helsinki Atlantis
50%
Espoo EPS
50%
Espoo FC Honka
50%
Turku FC Inter 2
50%
Tampere Ilves 2
50%
Pietarsaari JBK
50%
Helsinki Kiffen
50%
Rauma Pallo-Iirot
50%
Oulu Hercules
33%
Hämeenlinna HJS
33%
Pori MuSa
33%
Nurmijärvi NJS
33%
Tuusula PKKU
33%
Lahti Reipas
33%
Vantaa VJS
33%
Espoo EBK
17%
Jyväskylä FC Vaajakoski
17%
Helsinki HIFK
17%
Äänekoski HuimaUrho
17%
Helsinki PPJ
17%
Helsinki PuiU
17%
Heinola Union Plaani
17%
Ehtoja vastaavia visoja ei löytynyt
Tulosjakauma
Jokaisen tuloksen saaneiden osuus
Persentiili vastausten määrän mukaan
Tuloshistoriasi
Et ole pelannut tätä visaa